000 00902camaa2200337M 44500
001 75104
005 20230410130744.0
008 940420s1993 sp 000 0 spa d
035 _a(OCoLC)ocn434096348
040 _aBNM
_erdc
_bspa
_cBNM
016 7 _abimoBNE19940115298
_2SpMaBN
017 _aM 32582-1993
020 _a8479791284
020 _a9788479791285
035 _a(OCoLC)434096348
080 _a082.22
050 1 4 _aPN 6277
_bL697 1993
245 1 3 _aEl libro de las grandes verdades.
260 _aMadrid
_bAnaya & Mario Muchnik
_cD.L. 1993.
300 _a1 v.
_bil. col. y n.
_c12 cm.
490 1 _aAguamarina
650 4 _aCitas.
650 4 _aCES
650 4 _aColección Enriquillo Sanchez
650 4 _aPrimera Jornada de Catalogacion
710 2 _aAnaya & Mario Muchnik.
830 0 _aAguamarina.
942 _2lcc
_cbk
946 _amjcruz
994 _aC0
_bDRFGD
999 _c79806
_d79806